000 00454nam a2200193Ia 4500
003 OSt
005 20230508171829.0
008 210423s2004 xx 000 0 und d
040 _cAL
041 _aeng
082 _a615.1
_223
_bKRUG
100 _aKRUPADANAM (G L David);others.
_9100110
245 _aDrugs.
260 _aHyderabad
_bUniversities Press
_c2004
300 _aviii,167
365 _b165
_cINR
906 _aDrugs.
942 _2ddc
_cBK
999 _c163895
_d163895